Countries of Europe in 1337 - Statistics

General Stats
  • This quiz has been taken 1,443 times
  • The average score is 89 of 576
Answers on the Map
Answers color-coded by a green-red scale on the quiz's map according to % correct below.
 
Answer Stats
Region Country % Correct
Great Britain England
95%
Scandinavia Norway
92%
Iberia Portugal
92%
Scandinavia Sweden
92%
Scandinavia Denmark
91%
France France
89%
Great Britain Scotland
89%
Eastern Central Europe Hungary
88%
Balkans Bulgaria
87%
Poland and Baltic Poland
87%
Italy Sicily
87%
South Germany Austria
85%
Italy Naples
85%
Balkans Serbia
85%
Iberia Aragon
83%
Poland and Baltic Lithuania
83%
Balkans Bosnia
82%
Iberia Castile
82%
France The Papal States
82%
South Germany Bohemia
81%
France Brittany
81%
Balkans Croatia
81%
Italy Venice
81%
Scandinavia Iceland
78%
France Normandy
78%
Balkans Byzantine Empire
77%
Italy Genoa
76%
Iberia Granada
76%
Italy Milan
75%
Russia Muscovy
75%
Great Britain Wales
72%
Rus' Territories Kyiv
71%
Caspian-Pontic Steppe Golden Horde
69%
Eastern Central Europe Wallachia
69%
Balkans Athens
68%
Italy Alba
67%
North Germany Brandenburg
67%
Balkans Candia
67%
Russia Novgorod
67%
North Germany Holland
66%
Italy Florence
65%
Iberia Navarre
65%
North Germany Berg
64%
North Germany Hamburg
64%
Poland and Baltic Teutonic Order
64%
North Germany Flanders
63%
South Germany Moravia
63%
France Burgundy
62%
France Provence
59%
Balkans Albania
58%
Poland and Baltic Archbishopric of Riga
56%
Poland and Baltic Livonian Order
56%
Poland and Baltic Riga
56%
North Germany Cologne
55%
North Germany Frisia
54%
North Germany Luxembourg
53%
Italy Pisa
52%
Balkans Epirus
50%
North Germany Bremen
49%
Ireland Munster
49%
North Germany Münster
49%
France Savoy
49%
Great Britain Isle of Man
48%
North Germany Frankfurt
47%
Italy Verona
47%
France Aquitaine
46%
Scandinavia Scania
46%
France Béarn
45%
North Germany Brabant
44%
France Genève
43%
Ural Perm
43%
North Germany Utrecht
43%
South Germany Bern
42%
North Germany Hanseatic League
42%
North Germany Lübeck
42%
South Germany Salzburg
41%
Ireland Ulster
41%
Scandinavia Schleswig
40%
Italy Bologna
39%
South Germany Zürich
39%
South Germany Baden
38%
Russia Pskov
38%
South Germany Tyrol
38%
Iberia Andorra
37%
South Germany Basel
37%
North Germany Hesse
37%
France Lorraine
36%
Iberia Mallorca
36%
North Germany Mecklenburg
36%
Italy Siena
36%
Ireland The Pale
35%
North Germany Aachen
34%
Non-European Based Morocco
34%
South Germany Nuremberg
34%
South Germany Württemberg
34%
North Germany Mainz
33%
Balkans The Knights Hospitaller
33%
Russia Smolensk
32%
South Germany The Electoral Palatinate
32%
South Germany Ulm
32%
Italy Lucca
31%
Italy Parma
31%
Great Britain The Isles
31%
France Anjou
30%
Scandinavia Orkney
30%
Caspian-Pontic Steppe Theodoro
30%
Balkans Ragusa
29%
Russia Ryazan
29%
North Germany Trier
29%
Russia Tver
29%
France Bar
28%
North Germany Liège
28%
Poland and Baltic Masovia
28%
North Germany Anhalt
27%
Italy Ferrara
27%
North Germany Oldenburg
27%
Ireland Connacht
26%
Caucasus Georgia
26%
Italy Padua
26%
South Germany Lower Bavaria
25%
North Germany Magdeburg
25%
North Germany Stettin
25%
South Germany Strasbourg
25%
South Germany Trent
25%
Balkans Trieste
25%
South Germany Upper Bavaria
25%
South Germany Augsburg
24%
Poland and Baltic Courland
24%
North Germany Dortmund
24%
France Maine
24%
Balkans Naxos
24%
North Germany Thuringia
24%
Russia Vladimir
24%
France Foix
22%
Ireland Leinster
22%
North Germany Lüneburg
22%
Italy Piedmont
22%
Russia Rostov
22%
North Germany Zeeland
22%
North Germany Brunswick
21%
France Nevers
21%
Ireland Thomond
21%
France Toul
21%
France Bourbon
20%
Rus' Territories Halych
20%
Italy Mantua
20%
Italy Ravenna
20%
Italy Urbino
20%
North Germany Essen
19%
North Germany Hainaut
19%
North Germany Limbourg
19%
Ireland Tyrone
19%
North Germany Wolgast
19%
Balkans Achaea
17%
Italy Ancona
17%
Russia Beloozero
17%
Great Britain Lancaster
17%
South Germany Lausanne
17%
France Metz
17%
Rus' Territories Volhynia
17%
Russia Yaroslavl
17%
France Auvergne
16%
Great Britain Durham
16%
Ireland Mayo
16%
North Germany Meissen
16%
Poland and Baltic Opole
16%
South Germany Regensburg
16%
Poland and Baltic Wrocław
16%
South Germany Würzburg
16%
France Artois
15%
South Germany Cilli
15%
South Germany Lucerne
15%
Russia Nizhny Novgorod
15%
North Germany Worms
15%
Great Britain Chester
14%
Ireland Desmond
14%
North Germany Dithmarschen
14%
France Franche-Comté
14%
Caucasus Alania
13%
Italy Arborea
13%
South Germany Freiburg
13%
Eastern Central Europe Iaşi
13%
Italy Montferrat
13%
Balkans Negroponte
13%
Italy Rimini
13%
South Germany Schwyz
13%
Poland and Baltic Warmia
13%
Great Britain Balliol
12%
Ireland Decies
12%
North Germany Lippe
12%
South Germany Passau
12%
Italy Pavia
12%
Italy Perugia
12%
Rus' Territories Polotsk
12%
South Germany St. Gallen
12%
Italy Aquileia
11%
France Armagnac
11%
Caucasus Avaria
11%
Poland and Baltic Chełmno
11%
North Germany Cleves
11%
North Germany Erfurt
11%
Poland and Baltic Głogów
11%
South Germany Hohenzollern
11%
Ireland Kildare
11%
South Germany Konstanz
11%
South Germany Mulhouse
11%
North Germany Namur
11%
France Narbonne
11%
South Germany Neuchâtel
11%
South Germany Uri
11%
Rus' Territories Bryansk
10%
Rus' Territories Chernihiv
10%
Ireland Offaly
10%
France Orange
10%
Poland and Baltic Ösel
10%
North Germany Osnabrück
10%
South Germany Vaud
10%
North Germany Verden
10%
South Germany Ansbach
9%
Italy Aosta
9%
South Germany Bamberg
9%
France Blois
9%
Poland and Baltic Dorpat
9%
North Germany Guelders
9%
North Germany Lusatia
9%
Ireland Ormond
9%
Poland and Baltic Płock
9%
North Germany Ravensberg
9%
South Germany Ravensburg
9%
Great Britain Ross
9%
North Germany Saarbrücken
9%
North Germany Schwerin
9%
Rus' Territories Vitebsk
9%
France Alençon
8%
France Besançon
8%
Great Britain Glamorgan
8%
Great Britain March
8%
Italy Saluzzo
8%
North Germany Saxe-Lauenburg
8%
Ireland Tyrconnell
8%
France Verdun
8%
Balkans Argos
7%
Ireland Armagh
7%
Balkans Cephalonia
7%
Italy Como
7%
Balkans Gorizia
7%
North Germany Jülich
7%
North Germany Loon
7%
Great Britain Moray
7%
Great Britain Pembroke
7%
Rus' Territories Pinsk
7%
North Germany Weimar
7%
Italy Asti
6%
South Germany Chur
6%
South Germany Colmar
6%
North Germany Gera
6%
Poland and Baltic Legnica
6%
Poland and Baltic Oświęcim
6%
North Germany Paderborn
6%
Poland and Baltic Rawa
6%
Italy Alessandria
5%
France Auxerre
5%
France Boulogne
5%
South Germany Bregenz
5%
Ireland Clanricarde
5%
France Evreux
5%
North Germany Fulda
5%
Caspian-Pontic Steppe Gazaria
5%
North Germany Goslar
5%
Russia Kostroma
5%
South Germany Memmingen
5%
North Germany Ruppin
5%
Russia Rzhev
5%
South Germany Sion
5%
South Germany Solothurn
5%
South Germany Speyer
5%
Russia Suzdal
5%
Non-European Based Trebizond
5%
France Viennois
5%
North Germany Brema
4%
Italy Cesena
4%
France Forez
4%
North Germany Mark
4%
South Germany Obwalden
4%
Italy Prato
4%
Poland and Baltic Racibórz
4%
France Rethel
4%
South Germany Rothenburg
4%
Balkans Salona
4%
North Germany Schwarzburg
4%
Poland and Baltic Sieradz
4%
Rus' Territories Turov
4%
Ural Vyatka
4%
France Angoulême
3%
Eastern Central Europe Bârlad
3%
Ireland Beare
3%
South Germany Brixen
3%
Poland and Baltic Brzeg
3%
North Germany Cammin
3%
Poland and Baltic Cieszyn
3%
Ireland Fermanagh
3%
South Germany Freising
3%
North Germany Hildesheim
3%
Italy Imola
3%
Poland and Baltic Inowrocław
3%
Poland and Baltic Jawor
3%
Poland and Baltic Łęczyca
3%
Russia Murom
3%
Balkans Neopatria
3%
Poland and Baltic Opava
3%
France Perche
3%
France Périgord
3%
Italy Pesaro
3%
Italy Pistoia
3%
France Saint-Pol
3%
Poland and Baltic Samland
3%
North Germany Saxe-Wittenberg
3%
Rus' Territories Slutsk
3%
Caucasus Tarki
3%
South Germany Tübingen
3%
France Valentinois
3%
North Germany Waldeck
3%
South Germany Zweibrücken
3%
Italy Ascoli
2%
North Germany Bentheim
2%
Balkans Bodonitsa
2%
Poland and Baltic Bytom
2%
France Cambrésis
2%
North Germany Chiny
2%
Ireland Clandeboye
2%
France Comminges
2%
Great Britain Denbigh
2%
France Dreux
2%
Italy Faenza
2%
Italy Fermo
2%
Italy Finale
2%
Great Britain Gower
2%
North Germany Hanau
2%
South Germany Heilbronn
2%
South Germany Hohenlohe
2%
North Germany Hoya
2%
Caspian-Pontic Steppe Kabardia
2%
Russia Karachev
2%
South Germany Kempten
2%
France La Marche
2%
South Germany Landau
2%
North Germany Landsberg
2%
North Germany Lebus
2%
Italy Malaspina
2%
North Germany Mühlhausen
2%
Russia Novosil
2%
Poland and Baltic Nysa
2%
Poland and Baltic Oleśnica
2%
Russia Oreshek
2%
Ireland Oriel
2%
Italy Pitigliano
2%
North Germany Plauen
2%
Poland and Baltic Pomesania
2%
Great Britain Powis
2%
France Salm
2%
Eastern Central Europe Soroca
2%
Poland and Baltic Świdnica
2%
North Germany Tecklenburg
2%
Balkans Thopia
2%
France Tonnerre
2%
France Vendôme
2%
Italy Volterra
2%
Russia Vyazma
2%
Poland and Baltic Żagań
2%
North Germany Zutphen
2%
Ireland Annaly
1%
Ireland Ardmire
1%
Balkans Arianiti
1%
North Germany Arnsberg
1%
Great Britain Arundel
1%
France Astarac
1%
France Aumale
1%
Eastern Central Europe Baia
1%
South Germany Belmont
1%
South Germany Berchtesgaden
1%
North Germany Bernburg
1%
North Germany Bouillon
1%
Great Britain Brecknock
1%
Italy Camerino
1%
Italy Canavese
1%
Ireland Carbury
1%
France Carlat
1%
Great Britain Cemais
1%
Italy Ceva
1%
Italy Chieri
1%
Italy Città di Castello
1%
Ireland Clanwilliam
1%
Caspian-Pontic Steppe Copa
1%
Italy Cortona
1%
North Germany Cuijk
1%
North Germany Daun
1%
Russia Dmitrov
1%
Rus' Territories Drutsk
1%
Ireland East Breifne
1%
Ireland Ely
1%
France Étampes
1%
Great Britain Ewyas
1%
North Germany Falkenstein
1%
South Germany Ferrette
1%
Ireland Firceall
1%
South Germany Fürstenberg
1%
Russia Galich-Mersky
1%
Ireland Glens
1%
North Germany Grubenhagen
1%
South Germany Gruyere
1%
Italy Gubbio
1%
South Germany Gurk
1%
North Germany Güstrow
1%
South Germany Haguenau
1%
North Germany Halberstadt
1%
Eastern Central Europe Hansca
1%
North Germany Havelberg
1%
South Germany Heidenheim
1%
North Germany Heinsberg
1%
North Germany Henneberg
1%
South Germany Hohenberg
1%
North Germany Holstein-Plön
1%
North Germany Holstein-Rendsburg
1%
North Germany Horne
1%
Eastern Central Europe Hotin
1%
Ireland Hy Many
1%
Ireland Imaal
1%
Ireland Inishowen
1%
Ireland Iveagh
1%
North Germany Jever
1%
Russia Kashin
1%
North Germany Katzenelnbogen
1%
Ireland Keenaght
1%
Russia Klin
1%
Russia Kozelsk
1%
South Germany Kyburg
1%
South Germany Leiningen
1%
Caucasus Lekia
1%
South Germany Leuchtenberg
1%
South Germany Lichtenberg
1%
France L'Isle-Jourdain
1%
North Germany Lubeca
1%
Italy Macerata
1%
North Germany Mansfeld
1%
France Marsan
1%
Balkans Mataranga
1%
North Germany Merseburg
1%
North Germany Minden
1%
Russia Mologa
1%
Italy Mondovi
1%
France Montbéliard
1%
France Montfort
1%
France Mortain
1%
France Mouzon
1%
Rus' Territories Mstislavl
1%
Balkans Muzaka
1%
Poland and Baltic Namysłów
1%
North Germany Naugard
1%
Poland and Baltic Niemodlin
1%
North Germany Nordhausen
1%
Rus' Territories Novogrudok
1%
South Germany Offenburg
1%
South Germany Ortenburg
1%
Ireland Ossory
1%
Russia Pronsk
1%
Poland and Baltic Prudnik
1%
North Germany Prüm
1%
North Germany Ratzeburg
1%
France Roucy
1%
Caucasus Rutul
1%
Rus' Territories Rylsk
1%
France Saarwerden
1%
France Saint-Claude
1%
France Sancerre
1%
South Germany Sausenberg
1%
North Germany Sayn
1%
South Germany Schwäbisch Hall
1%
Poland and Baltic Ścinawa
1%
Poland and Baltic Siewierz
1%
Caucasus Simsir
1%
North Germany Sponheim
1%
Russia Starodub
1%
North Germany Stavelot-Malmedy
1%
South Germany Strasbourgum
1%
Eastern Central Europe Străşineţ
1%
Caucasus Tabasaran
1%
Russia Tarusa
1%
Ireland Tireragh
1%
South Germany Toggenburg
1%
Russia Toropets
1%
Italy Tortona
1%
Rus' Territories Trubchevsk
1%
South Germany Turn
1%
Russia Uglich
1%
Ireland Umhaill
1%
North Germany Valkenburg
1%
North Germany Veldenz
1%
France Ventadour
1%
North Germany Waren
1%
South Germany Weißenburg
1%
South Germany Werdenberg
1%
Ireland West Breifne
1%
Ireland West Connacht
1%
North Germany Wetzlar
1%
North Germany Wied
1%
North Germany Wittgenstein
1%
Russia Zubtsov
1%
North Germany Allstedt
0%
South Germany Augusta Vindelicorum
0%
North Germany Beeskow-Starkow
0%
North Germany Beichlingen
0%
South Germany Biberach
0%
North Germany Blankenburg
0%
North Germany Büdingen
0%
North Germany Corvey
0%
North Germany Diepholz
0%
North Germany Diez
0%
South Germany Dinkelsbühl
0%
South Germany Disentis
0%
Caucasus Durdzuketia
0%
South Germany Eichstätt
0%
South Germany Ellwangen
0%
South Germany Erbach
0%
North Germany Everstein
0%
South Germany Feldkirch
0%
Russia Fomin-Berezuesk
0%
North Germany Glauchau
0%
North Germany Gleichen
0%
Russia Gorodets
0%
South Germany Grafenau
0%
South Germany Hachberg
0%
Caspian-Pontic Steppe Hatukay
0%
South Germany Helfenstein
0%
North Germany Hersfeld
0%
North Germany Holstein-Pinneberg
0%
Caspian-Pontic Steppe Hytuk
0%
Caucasus Kaitag
0%
Caspian-Pontic Steppe Kipike
0%
South Germany Kirchberg
0%
North Germany Manderscheid
0%
South Germany Mesocco
0%
North Germany Misnia
0%
North Germany Mörs
0%
South Germany Mosbach
0%
South Germany Murbach
0%
North Germany Nassau-Hadamar
0%
North Germany Nassau-Idstein
0%
North Germany Nassau-Siegen
0%
North Germany Nassau-Weilburg
0%
North Germany Naumburg
0%
South Germany Nellenburg
0%
North Germany Nidda
0%
North Germany Nienburg
0%
Rus' Territories Novgorod-Siverskyi
0%
South Germany Oettingen
0%
North Germany Riedesel
0%
North Germany Rieneck
0%
North Germany Rietberg
0%
North Germany Ritzebüttel
0%
France Rochechouart
0%
North Germany Schauenburg
0%
North Germany Simmern
0%
North Germany Sondershausen
0%
South Germany Spira
0%
North Germany Spremberg
0%
Rus' Territories Starodub-Siverskyi
0%
Poland and Baltic Strzelce
0%
Caspian-Pontic Steppe Temirgoy
0%
South Germany Truhendingen
0%
South Germany Überlingen
0%
South Germany Waldberg
0%
South Germany Waldsassen
0%
North Germany Wernigerode
0%
Russia Yuriev-Polsky
0%
Poland and Baltic Ziębica
0%
North Germany Ziegenhain
0%
No matching quizzes found
Score Distribution
Percent of People with Each Score
Percentile by Number Answered
Your Score History
You have not taken this quiz